| 000 | 00748-am-a2200193-a-4500 | ||
|---|---|---|---|
| 001 | 000029131 | ||
| 003 | AM-YEHGA | ||
| 005 | 20250618070925.0 | ||
| 008 | 001130s1920 ru ||||| |||| 00| 0 arm d | ||
| 040 | _aAM-YeHGA | ||
| 041 | 0 | _aarm | |
| 245 | 0 | 0 |
_aՌուսաստանի կօմունիստական կուսակցության (բօլշեւիկների) ծրագիրը / _cԹարգմ.՝ Գ. Հայկունի. |
| 260 |
_aՄոսկվա : _bՀայկական կենտրոնական կոմիսարիատ, _c1920. |
||
| 300 | _a39 էջ | ||
| 650 | 1 | 4 |
_aԿոմունիստական քաղաքականություն _94614 |
| 700 | 1 |
_aՀայկունի, Գուրգեն Սարգսի, _d1889-1966 _eթարգմ. _4trl _91407 |
|
| 942 |
_2udc _cBK |
||
| 090 | _c13149 | ||
| 999 |
_c13047 _d13047 |
||